Statistics for Things Containing Letter D

Click here to take the quiz!

General Stats

  • This quiz has been taken 19 times
  • The average score is 10 of 22

Answer Stats

Answer% Correct
Asian CountriesIndonesia
82%
Teenage Mutant Ninja TurtlesLeonardo
76%
Teenage Mutant Ninja TurtlesDonatello
76%
Asian CountriesIndia
76%
Asian CountriesThailand
71%
Asian CountriesUnited Arab Emirates
65%
Asian CountriesJordan
65%
Asian CountriesBangladesh
59%
Asian CountriesSaudi Arabia
59%
Asian CountriesCambodia
53%
One Word Disney animated filmsDumbo
53%
Asian CountriesMaldives
47%
One Word Disney animated filmsAladdin
47%
Human Body SystemsDigestive
41%
One Word Disney animated filmsCinderella
29%
Olympian Greek GodsAphrodite
18%
Olympian Greek GodsDemeter
18%
One Word Disney animated filmsTangled
12%
Human Body SystemsReproduction
12%
One Word Disney animated filmsDinosaur
6%
Olympian Greek GodsPoseidon
6%
Human Body SystemsEndocrine
0%

Score Distribution

Percentile by Number Answered

Percent of People with Each Score

Your Score History

You have not taken this quiz